000
00239nam a22001217a 4500
003
SGT
082
_a
823
_b
ROT
100
_a
ROTH VERONICA
245
_a
DIVERGENT
260
_a
USA
_b
HARPER PUB
_c
2011
300
_a
487
942
_2
ddc
_c
BK
999
_c
33688
_d
33688